| 000 | 00375nam a22001577a 4500 | ||
|---|---|---|---|
| 020 | _a81-713-0990-9 | ||
| 082 | _a920/APJ/A | ||
| 100 | _aAPJ ABDHUL KALAM | ||
| 245 | _aAGNICHIRAKUKAL | ||
| 246 |
_aAGNICHIRAKUKAL _bAGNICHIRAKUKAL |
||
| 260 |
_aKOTTAYAM,KERALA _bD C |
||
| 300 | _a240 | ||
| 520 | _aAUTOBIOGRAPHY OF APJ ABDHULKALAM | ||
| 650 | _aAUTOBIOGRAPHY | ||
| 942 | _cBK | ||
| 999 |
_c8531 _d8531 |
||